000 00815nam a2200229Ia 4500
001 1009
003 GE_BSU
008 181216s||||||||xx |||||||||||||| ||und||
020 _a5961401820
040 _cGE_BSU
080 _a65.011(075.8)
245 _aКонкурентное преимушество.
245 _bКак достичь высокого результата и обеспечить его устойчивость
245 _cПер. с англ.
260 _aМосква
260 _bАльпина бизнес букс
260 _c2005
300 _a715стр.
541 _h25л.
653 _aКонкурентное преимушество. Как достичь высокого результата и обеспечить его устойчивость.
942 _cBK
999 _c35166
_d35166